000 00798cab a2200229 4500
001 WB3128-04
008 090401t1995 xxu||||| |||| 00| 0 eng d
035 _a(Sirsi) u35324
041 _aeng
245 _aDamages for breach of contract
260 _c1995
350 _a0
490 _aEstates Gazette
_v(9528) 15 July 1995, 103(1)
520 _aConsiders HL decision "Ruxley Electronics & Construction Ltd v Forsyth" 1995 (WB3126-06) on the level of damages for defective building work, ruling in favour of diminution in value rather than the cost of reinstatement.
650 _aBREACH OF CONTRACT
650 _aDAMAGES
650 _aDEFECTIVE BUILDING WORK
650 _aSWIMMING POOLS
690 _aBUILT ENVIRONMENT-BUILDING CONTRACT FORMS
942 _n0
948 _c04/03/1997
999 _c23141
_d23141